Les allemands vainqueurs d'étapes du Tour de France (2000-.) - Statistiques

Statistiques générales
  • Ce quiz a été pris 314 fois
    182 depuis la dernière actualisation
  • Le résultat moyen est 34 sur 47
Statistiques - réponses
Edition Etape Equipe Vainqueur % Correct
2013 Porto Vecchio → Bastia (étape 1) Argos-Shimano Marcel Kittel
91%
2013 Saint-Gildas-des-Bois → Saint-Malo (étape 10) Argos-Shimano Marcel Kittel
91%
2013 Fougères → Tours (étape 12) Argos-Shimano Marcel Kittel
91%
2013 Versailles → Paris-Champs-Elysées (étape 21) Argos-Shimano Marcel Kittel
91%
2014 Leeds → Harrogate (étape 1) Giant-Shimano Marcel Kittel
91%
2014 Cambridge → Londres (étape 3) Giant-Shimano Marcel Kittel
91%
2014 Le Touquet-Paris-Plage → Lille Métropole (étape 4) Giant-Shimano Marcel Kittel
91%
2014 Evry → Paris-Champs-Elysées (étape 21) Giant-Shimano Marcel Kittel
91%
2016 Saumur → Limoges (étape 4) Etixx-Quick Step Marcel Kittel
91%
2017 Düsseldorf → Liège (étape 2) Quick Step-Floors Marcel Kittel
91%
2017 Vesoul → Troyes (étape 6) Quick Step-Floors Marcel Kittel
91%
2017 Troyes → Nuits-Saint-Georges (étape 7) Quick Step-Floors Marcel Kittel
91%
2017 Périgueux → Bergerac (étape 10) Quick Step-Floors Marcel Kittel
91%
2017 Eymet → Pau (étape 11) Quick Step-Floors Marcel Kittel
91%
2011 Aurillac → Carmaux (étape 10) Oméga Pharma-Lotto André Greipel
90%
2012 Abbeville → Rouen (étape 4) Lotto-Belisol André Greipel
90%
2012 Rouen → Saint-Quentin (étape 5) Lotto-Belisol André Greipel
90%
2012 Saint-Paul-Trois-Châteaux → Le Cap d'Adge (étape 13) Lotto-Belisol André Greipel
90%
2013 Aix-en-Provence → Montpellier (étape 6) Lotto-Belisol André Greipel
90%
2014 Arras → Reims (étape 6) Lotto-Belisol André Greipel
90%
2015 Utrecht → Zélande (étape 2) Lotto-Soudal André Greipel
90%
2015 Arras Communauté urbaine → Amiens Métropole (étape 5) Lotto-Soudal André Greipel
90%
2015 Mende → Valence (étape 15) Lotto-Soudal André Greipel
90%
2015 Sèvres-Grand Paris Seine Ouest → Paris-Champs-Elysées (étape 21) Lotto-Soudal André Greipel
90%
2016 Chantilly → Paris-Champs-Elysées (étape 21) Lotto-Soudal André Greipel
90%
2003 Gaillac → Cap Découverte (étape 12) Bianchi Jan Ullrich
74%
2018 Citadelle d'Arras → Roubaix (étape 9) Trek-Segafredo John Degenkolb
70%
2011 Grenoble → Grenoble (étape 20) HTC-Highroad Tony Martin
66%
2013 Avranches → Mont Saint-Michel (étape 11) Oméga Pharma-Quick Step Tony Martin
66%
2014 Gérardmer → Mulhouse (étape 9) Oméga Pharma-Quick Step Tony Martin
66%
2014 Bergerac → Périgueux (étape 20) Oméga Pharma-Quick Step Tony Martin
66%
2015 Seraing → Cambrai (étape 4) Etixx-Quick Step Tony Martin
66%
2021 Saint-Paul-Trois-Châteaux → Nîmes (étape 12) Bora-Hansgrohe Nils Politt
59%
2020 La Tour-de-Pin → Villard-de-Lans (étape 16) Bora-Hansgrohe Lennard Kämna
58%
2000 Belfort → Troyes (étape 20) Deutsche Telekom Erik Zabel
57%
2001 Saint-Omer → Boulogne-sur-Mer (étape 1) Deutsche Telekom Erik Zabel
57%
2001 Anvers → Seraing (étape 3) Deutsche Telekom Erik Zabel
57%
2001 Orléans → Evry (étape 19) Deutsche Telekom Erik Zabel
57%
2002 Forges-les-Eaux → Alençon (étape 6) Deutsche Telekom Erik Zabel
57%
2015 Digne-les-Bains → Pra-Loup (étape 17) Giant-Alpecin Simon Geschke
56%
2001 Castelsarrasin → Sarran (étape 16) Crédit Agricole Jens Voigt
40%
2006 Béziers → Montélimar (étape 13) CSC Jens Voigt
40%
2007 Bourg-en-Bresse → Le Grand-Bornand (étape 7) T-Mobile Linus Gerdemann
22%
2009 Vittel → Colmar (étape 13) Cervélo Test Team Heinrich Haussler
19%
2000 Vannes → Vitré (étape 5) Festina Marcel Wüst
16%
2006 Esch-sur-Alzette → Valkenburg (étape 3) T-Mobile Matthias Kessler
14%
2008 Le Bourg d'Oisans → Saint-Etienne (étape 18) Team Columbia Marcus Burghardt
13%
Aucun quiz correspondant
Distribution des résultats
% des personnes avec chaque résultat
Percentile par nombre de réponses
Votre historique - résultats
Vous n’avez pas pris ce quiz depuis la dernière actualisation